MARC

LEADER 00000nam0a2200000 4500
001 272906
005 20231101234559.0
020 |a RU  |b 87-68807 
035 |a (RuTPU)RU\TPU\book\296115 
090 |a 272906 
100 |a 20141022d1987 km y0rusy5003 ca 
101 0 |a rus 
102 |a RU 
105 |a a z 001zy 
200 1 |a Кабели с пластмассовой изоляцией и муфты для их монтажа  |f Е. З. Бранзбург, М. К. Каменский, Г. Е. Хромченко 
210 |a Москва  |c Энергоатомиздат  |d 1987 
215 |a 159 с.  |c ил. 
225 1 |a Библиотека электромонтера  |v Вып. 593 
320 |a Библиогр.: с. 156 (8 назв.) 
606 1 |a Кабели в целом  |2 stltpush  |3 (RuTPU)RU\TPU\subj\13347  |9 39966 
610 1 |a пластмассовая изоляция 
610 1 |a монтаж 
610 1 |a муфты 
610 1 |a материалы 
610 1 |a технические требования 
610 1 |a применение 
675 |a 621.315.21  |z rus  |v 3 
700 1 |a Бранзбург  |b Е. З.  |g Елена Зиновьевна  |4 070 
701 1 |a Каменский  |b М. К.  |g Михаил Кузьмич 
701 1 |a Хромченко  |b Г. Е.  |g Григорий Ефимович 
801 0 |a RU  |b RuMRKP  |c 19950417  |g psbo 
801 1 |a RU  |b 63413507  |c 20141022 
801 2 |a RU  |b 63413507  |c 20160209  |g RCR 
942 |c BK